Les 15 départements français les moins peuplés - Statistiques

Statistiques générales
  • Ce quiz a été pris 759 fois
  • Le résultat moyen est 9 sur 15
Statistiques - réponses
Hint Réponse % Correct
122 560 habitants Creuse
91%
77 156 habitants Lozère
86%
147 577 habitants Cantal
77%
174 754 habitants Lot
68%
152 286 habitants Ariège
66%
143 348 habitants Territoire de Belfort
62%
138 605 habitants Hautes-Alpes
61%
145 846 habitants Corse-du-Sud
59%
168 640 habitants Haute-Corse
57%
188 893 habitants Gers
56%
193 557 habitants Meuse
55%
160 959 habitants Alpes-de-Haute-Provence
54%
218 341 habitants Nièvre
54%
212 645 habitants Mayotte
51%
182 375 habitants Haute-Marne
48%
Aucun quiz correspondant
Distribution des résultats
% des personnes avec chaque résultat
Percentile par nombre de réponses
Votre historique - résultats
Vous n’avez pas pris ce quiz